ბათუმის შოთა რუსთაველის სახელმწიფო უნივერსიტეტის ბიბლიოთეკა

აჭარული დიალექტის დარქობრივი ლექსიკა IX (ბიბ.ჩანაწერი № 51151)

000 -LEADER
fixed length control field 00960nam a2200229Ia 4500
001 - CONTROL NUMBER
control field 18109
003 - CONTROL NUMBER IDENTIFIER
control field GE_BSU
008 - FIXED-LENGTH DATA ELEMENTS--GENERAL INFORMATION
fixed length control field 181216s||||||||xx |||||||||||||| ||und||
020 ## - INTERNATIONAL STANDARD BOOK NUMBER
International Standard Book Number ISSN 1987-5266
040 ## - CATALOGING SOURCE
Transcribing agency GE_BSU
080 ## - UNIVERSAL DECIMAL CLASSIFICATION NUMBER
Universal Decimal Classification number 811.353.1'282
245 ## - TITLE STATEMENT
Title აჭარული დიალექტის დარქობრივი ლექსიკა IX
245 ## - TITLE STATEMENT
Statement of responsibility, etc. რედ. მ. ქამადაძე
250 ## - EDITION STATEMENT
Edition statement საქართველოს განათლებისა და მეცნიერების სამინისტრო. ნიკო ბერძენიშვილის ინ-ტი
260 ## - PUBLICATION, DISTRIBUTION, ETC.
Place of publication, distribution, etc. ბათუმი
260 ## - PUBLICATION, DISTRIBUTION, ETC.
Name of publisher, distributor, etc. ბათუმის უნივერსიტეტი
260 ## - PUBLICATION, DISTRIBUTION, ETC.
Date of publication, distribution, etc. 2007
300 ## - PHYSICAL DESCRIPTION
Extent 150გვ. 20სმ.
653 ## - INDEX TERM--UNCONTROLLED
Uncontrolled term აჭარული დიალექტის დარქობრივი ლექსიკა
942 ## - ADDED ENTRY ELEMENTS (KOHA)
Koha item type წიგნი
ეგზემპლარები
Withdrawn status Lost status Damaged status Not for loan Date acquired Barcode Date last seen Price effective from Koha item type
        2018-12-17 46159 2018-12-17 2018-12-17 წიგნი